Štrnásťkrát palicou Lechana na dereši Vica i Vicovi

Podrobná bibliografia
Hlavní autori: Lechan, Milan (Author), Vico, Fedor (Author)
Médium: Článok
Jazyk:Slovak
Témy:
Zdroj: 1. Slovenský východ 1. Roč. 4/23, č. 301(1994), dát. 1230, s. 4
LEADER 00921nab#a2200349#ar4500
001 000010621
003 SVKKK
005 00000000000000.0
008 c xo e sloo
FMT
038 |a SVKKK 
040 |a SVKKK  |b slo  |e AACR2 
041 0 |a slo 
044 |a xo  |c SK 
080 |a 82-7-05  |2 1981 
100 1 |a Lechan, Milan  |4 aut 
245 1 0 |a Štrnásťkrát palicou Lechana na dereši Vica i Vicovi  |c Lechan Milan ... [et al.] 
300 |b 2 ilustr. 
500 |a Správne 14x 
600 1 4 |a Lechan, Milan,  |d ?,  |x humorista slovenský 
650 0 4 |a Milan Lechan  |z Humenné (rodisko)  |x rozhovory 
700 1 |a Lechan, Milan  |4 aut 
700 1 |a Vico, Fedor  |4 aut 
773 0 |t Slovenský východ  |g Roč. 4/23, č. 301(1994), dát. 1230, s. 4 
957 |a Humenné 
958 |a HN 
958 |a RE 
974 |d 960118  |a Šá 
992 |a RBX 
BAS
852 |a SVKKK  |b BIB 
998 |a REG